Estratificación social y desarrollo económico
Αποθηκεύτηκε σε:
| Μορφή: | Βιβλίο |
|---|---|
| Γλώσσα: | Spanish |
| Θέματα: | |
| Ετικέτες: |
Προσθήκη ετικέτας
Δεν υπάρχουν, Καταχωρήστε ετικέτα πρώτοι!
|
MARC
| LEADER | 00000nam a22000007a 4500 | ||
|---|---|---|---|
| 003 | cru CIDCAS/IIS | ||
| 005 | 20231129161659.0 | ||
| 008 | 170419b xxu||||| |||| 00| 0 spa d | ||
| 040 | |c cru CIDCACS/IIS | ||
| 090 | |a 05.01.02 E676e T.1 | ||
| 245 | |a Estratificación social y desarrollo económico |c Eugenio Fonseca Tortós | ||
| 650 | 1 | 0 | |2 |9 25 |a ESTRATIFICACION SOCIAL |
| 650 | 1 | 0 | |9 2142 |a DESARROLLO ECONOMICO |
| 650 | 1 | 0 | |a SOCIOLOGIA RURAL |9 2078 |
| 650 | 1 | 0 | |9 24 |a CLASES SOCIALES |
| 773 | 0 | |0 14856 |9 519 |a Rovira Mas, Jorge |d San José: EUNED. EUCR |o 17942 |t Eugenio Fonseca Tortós: selección de su obra sociológica / |w (cru CIDCACS/IIS)19474 | |
| 942 | |2 z |c LI |h 05.01.02 E676e T.1 |i 09059 |6 050102_E676E_T1_09059 | ||
| 999 | |c 19190 |d 19190 | ||
